Logo BPK

Biblioteka

Politechniki Koszalińskiej

Trendy wzrostu gospodarczego / (Rekord nr 26536)

Szczegóły MARC
000 -ETYKIETA REKORDU
podpole kontrolne o stałej długości 00478nam a2200169 i 4500
001 - NUMER KONTROLNY REKORDU
pole kontrolne bg
040 ## - ŹRÓDŁO KATALOGOWANIA
Instytucja, która utworzyła rekord BPK
041 ## - KOD JĘZYKA
Kod języka tekstu pol
080 ## - UNIWERSALNA KLASYFIKACJA DZIESIĘTNA - UKD
UKD 330.34:330
008 - POLE O STAŁEJ DŁUGOŚCI - DANE KONTROLNE
podpole kontrolne o stałej długości s pl f |000 0 pol
100 1# - NAZWA OSOBOWA
Nazwa osobowa GELEI, Anna
245 #0 - TYTUŁ/ODPOWIEDZIALNOŚĆ
Tytuł Trendy wzrostu gospodarczego /
Pozostałe elementy strefy tytułu i oznaczenia odpowiedzialności Anna Gelei ; Tłum. z węg. Maciej Koźmiński.
260 ## - STREFA ADRESU WYDAWNICZEGO
Miejsce wydania Warszawa :
Nazwa wydawcy/dystrybutora Państw. Wydawn. Ekon.,
Data publikacji, dystrybucji/powstania dokumentu 1974.
300 ## - STREFA OPISU FIZYCZNEGO
Objętość s. 296 :
Inne cechy fizyczne rys., tabl.
504 ## - UWAGA DOTYCZĄCA BIBLIOGRAFII
Informacje o bibliografii [Zawiera bibliogr. s. 290-296].
856 ## - LOKALIZACJA I DOSTĘP DO ELEKTRONICZNYCH DOKUMENTÓW ZDALNYCH
Link (URL) http://koha.tu.koszalin.pl/cgi-bin/koha/opac-detail.pl?biblionumber=26536
Tekst linku Katalog online BPK
942 ## - DODATKOWE ELEMENTY (KOHA)
Typ dokumentu Książka
Egzemplarze
Wycofany Status egzemplarza Uszkodzony Dostępność Lokalizacja stała Lokalizacja bieżąca Miejsce przechowywania Sygnatura Kod kreskowy Typ dokumentu
      Dostępny Biblioteka Politechniki Koszalińskiej Biblioteka Politechniki Koszalińskiej Wypożyczalnia BG 17966 01715941 Książka
© 2023 Biblioteka Politechniki Koszalińskiej :: KOHA